| 000 | 01088nam a22002655a 4500 | ||
|---|---|---|---|
| 003 | OSt | ||
| 005 | 20170119154019.0 | ||
| 008 | 160922s2009 ua frb 000 0 ara d | ||
| 015 | _22009 / 8299 | ||
| 020 | _a9789770460712 | ||
| 040 |
_aEG-ScBUE _bara _cEG-ScBUE _dEG-ScBUE |
||
| 082 | 0 | 4 |
_a343.097 _bهـ ا ش _222 |
| 100 | 1 | _aهاشمي، السيد عيسى السيد أحمد. | |
| 245 | 1 | 2 |
_aالقانون الدولي للطيران والفضاء : _bمراحل التطوير التاريخية والقضايا المعاصرة / _cالسيد عيسى السيد أحمد الهاشمي. |
| 260 |
_aالقاهرة : _bدار النهضه العربية، _c2009. |
||
| 300 |
_a129 ص. ؛ _c24 سم. |
||
| 504 | _aيشتمل على إرجاعات ببليوجرافية. | ||
| 650 | 7 |
_aالقانون الجوي. _2BUEsh |
|
| 650 | 7 |
_aالفضاء (قانون دولي) _2BUEsh |
|
| 650 | 7 |
_aالطيران (قانون دولي) _2BUEsh |
|
| 650 | 7 |
_aالنقل الجوي (قانون دولي) _2BUEsh |
|
| 651 | _2BUEsh | ||
| 653 |
_bLLAAWW _cJanuary2017 |
||
| 942 | _2ddc | ||
| 999 |
_c23976 _d23948 |
||